[Event "Bayern-chI Bank Hofmann 6th"]
[Site "Bad Wiessee"]
[Date "2002.10.29"]
[Round "4"]
[White "Lerner, Konstantin Z"]
[Black "Malakhov, Vladimir"]
[Result "0-1"]
[WhiteElo "2504"]
[BlackElo "2670"]
[Annotator "Teske,H"]
[PlyCount "92"]
[EventDate "2002.10.26"]
[EventType "swiss"]
[EventRounds "9"]
[EventCountry "GER"]
[SourceTitle "EXT 2003"]
[Source "ChessBase"]
[SourceDate "2002.11.25"]
[SourceVersion "1"]
[SourceVersionDate "2002.11.25"]
[SourceQuality "1"]

1. d4 {Administrator} d5 2. c4 e6 3. Nf3 c6 4. Qc2 Nf6 5. Bg5 dxc4 {Kein
Großmeisterremis. GM Malakhov ist kämpferisch gestimmt. Schwarz nimmt einen
rückständigen Bauern in Kauf, um schnellstmöglich seine Figuren zu entwickeln.}
6. Qxc4 b5 7. Qc2 Bb7 8. e4 Nbd7 9. Nbd2 h6 10. Bxf6 $5 {Nichts sprach gegen
10. Lh4. Die Aufgabe des Läuferpaares beschleunigt die weiße Entwicklung. Die
entstehende Stellung verzeiht dann jedoch nicht mehr die geringste
Ungenauigkeit, da nach Sicherung beider Könige praktisch jede Öffnung des
Spiels Schwarz aufgrund des Läuferpaares  bevorteilt.} Qxf6 11. a4 a6 12. Bd3
Bb4 13. O-O O-O 14. axb5 axb5 (14... cxb5 $2 15. Qc7) 15. Nb3 $2 (15. e5 Qe7
16. Bh7+ Kh8 17. Be4 {verhindert die nun folgende Öffnung des Spiels.}) 15...
e5 16. Rxa8 Bxa8 17. Nxe5 Nxe5 18. dxe5 Qxe5 19. f4 Qb8 $15 {Nun ist c6-c5
unabwendbar, wonach das schwarze Läuferpaar übermächtig wird. Auch wenn Weiß
der Abtausch der weißfeldrigen Läufer geilgen sollte, verfügt Schwarz beim
Kampf auf zwei Flügeln mit dem Lb4 gegenüber dem Sb3 über die bessere
Leichtfigur.} 20. Qe2 Qb6+ 21. Kh1 c5 22. Bxb5 Bxe4 23. Bd3 $6 {Danach gerät
Weiß unter Druck. Weiß hätte aktiv werden müssen.} (23. f5 $1 {mit der Idee
f5-f6.}) 23... Bb7 24. Nd2 $4 {Nachdem man über die bisherigen Bewertungen
geteilter Meinung sein kann,  ist dies nun ein eindeutiger Fehler.} Bxd2 25.
Qxd2 Rd8 26. Rd1 Be4 27. Bxe4 Rxd2 28. Rxd2 Qa5 29. Rd1 Kf8 30. Bd5 Qb4 31. b3
Qxf4 32. Bc4 Qe3 33. h3 Ke7 34. Ra1 f5 35. Ra6 Qe1+ 36. Kh2 Qe5+ 37. Kh1 f4 38.
Ra7+ Kf6 39. Ra6+ Kf5 40. Bd3+ Kg5 41. Rg6+ Kh5 42. Bc2 Qc3 43. Bf5 Qe1+ 44.
Kh2 Qe5 45. Bd3 f3+ 46. Kh1 Qe3 0-1

[Event "RUS-ch m1-2"]
[Site "Elista"]
[Date "1997.05.19"]
[Round "1.1"]
[White "Bezgodov, Alexei"]
[Black "Ivanov, Sergey"]
[Result "1-0"]
[WhiteElo "2570"]
[BlackElo "2515"]
[Annotator "Tsesarsky,I"]
[PlyCount "67"]
[EventDate "1997.05.19"]
[EventType "k.o."]
[EventRounds "6"]
[EventCountry "RUS"]
[SourceTitle "CBM 059"]
[Source "ChessBase"]
[SourceDate "1997.08.01"]
[SourceVersion "1"]
[SourceVersionDate "1997.08.01"]
[SourceQuality "1"]

1. d4 {Petursson} d5 2. c4 e6 3. Nf3 Nf6 4. e3 $6 $11 a6 $5 5. b3 c5 6. Bd3 (6.
cxd5 Nxd5 (6... Qxd5 7. Nc3 Qd8 8. Bd3 cxd4 9. Nxd4 e5 10. Nc2 Nbd7 11. Bb2 Nc5
12. Be2 Bf5 13. Qxd8+ Rxd8 $11 {Vospernik,Z-Orel,O/Portoroz op 1994/1-0 (55)})
7. a3 cxd4 8. Nxd4 Be7 9. Be2 O-O 10. O-O e5 11. Nf3 Nc6 12. Bb2 Bf6 13. Nfd2
e4 $1 $132 {Fominyh,A-Morozevich,A/ch-RUS KO, Elista RUS 1997/0-1 (49)}) (6.
Nbd2 Nc6 7. Bb2 Be7 8. Bd3 (8. Be2 O-O 9. O-O Re8 10. Re1 Bf8 11. Bf1 cxd4 12.
exd4 b6 13. Ne5 Bb7 $11 {Tibensky,R-Certek,P/Pila 1992/1-0 (55)}) 8... O-O 9.
O-O dxc4 10. Nxc4 b5 11. Nce5 Nxe5 12. dxe5 Nd7 13. Nd2 Bb7 14. Ne4 Bxe4 15.
Bxe4 $14 {1/2-1/2 Matthaei,A-Morawietz,D/Porz op 1993 (53)}) (6. Be2 cxd4 7.
exd4 Bb4+ 8. Bd2 Be7 9. O-O b6 10. Nc3 Bb7 11. Bg5 Nbd7 12. Rc1 O-O 13. cxd5
Nxd5 14. Bxe7 Qxe7 15. Nxd5 Bxd5 16. Qd2 Qd6 $15 {Kurajica,B-Sokolov,I/JUG-chT
Cetinje 1991/1/2-1/2 (60)}) 6... Nc6 7. Bb2 Bd6 $6 (7... cxd4 8. exd4 Bb4+ $11)
8. O-O $6 (8. cxd5 $1 exd5 (8... Nxd5 9. dxc5 (9. O-O cxd4 $11) 9... Bxc5 10.
O-O Bxe3 $5 (10... O-O $2 11. Qc2 $18) 11. fxe3 (11. Bxg7 Rg8 12. Bb2 (12. Bc3
Nf4 13. fxe3 Nxd3 14. Na3 $14) 12... Nf4 (12... Rxg2+ 13. Kxg2 Nf4+ 14. Kg1
Nxd3 15. fxe3 Nxb2 16. Qxd8+ Nxd8 $8 17. Nc3 $16) 13. fxe3 Nxd3 14. Bc3 $14)
11... Nxe3 12. Qe2 Nxf1 13. Kxf1 $14) 9. dxc5 Bxc5 10. O-O $14) 8... O-O $6 (
8... cxd4 $1 9. exd4 O-O 10. Nbd2 b6 11. Re1 Bb7 $132) 9. Nc3 $6 (9. cxd5 $1
exd5 (9... Nxd5 10. dxc5 $16 (10. Qc2 Ncb4 $15)) 10. dxc5 Bxc5 11. Qc2 $16)
9... b6 (9... cxd4 10. exd4 b6 $11) 10. Rc1 $6 (10. cxd5 exd5 11. Rc1 $132)
10... cxd4 (10... Bb7 11. a3 cxd4 12. exd4 Rc8 $11) 11. exd4 Bf4 $5 12. Ra1 Bb7
(12... Nb4 13. Be2 Bb7 $11) 13. Qe2 Re8 (13... dxc4 $6 14. bxc4 e5 $2 (14...
Nxd4 $2 15. Nxd4 Qxd4 16. Ne4 (16. Nd5 Bxh2+ $1 17. Kh1 Qh4 18. Bxf6 gxf6 19.
Qh5 Qxh5 20. Nxf6+ Kh8 21. Nxh5 Be5 $19) 16... Qd8 17. Nxf6+ gxf6 18. Qg4+ Bg5
19. Rad1 f5 (19... Qe7 20. f4 $18) 20. Qg3 f6 (20... f4 21. Bxh7+ Kxh7 22. Qh3+
Bh6 23. Rxd8 Raxd8 24. Bf6 $18) 21. Bxf5 $18) 15. dxe5 Re8 16. Rad1 Qc7 17. Ne4
Bxe5 18. Nxe5 Nxe5 19. Nxf6+ gxf6 20. Qh5 $16) 14. Rad1 Qc7 15. Rfe1 Nb4 (15...
Rad8 16. h3 $132) 16. Bb1 dxc4 $2 (16... Rac8 17. a3 Nc6 18. cxd5 exd5 19. Qd3
Ne7 $11) 17. bxc4 Bxf3 $5 (17... Rac8 18. a3 Bxf3 19. Qxf3 Nc6 20. g3 Bh6 21.
Ne4 $16) 18. Qxf3 Bxh2+ 19. Kh1 Bd6 $6 (19... Bf4 20. Ne4 (20. a3 Nc6 21. Ne4
Na5 22. Nxf6+ gxf6 23. d5 f5 24. dxe6 $16)) 20. d5 $40 {(+ -)} exd5 (20... Qxc4
21. Ne4 Nxe4 22. Rxe4 Qc5 23. dxe6 f6 24. Bxf6 $1 Ra7 25. Bd4 $18) 21. cxd5 $1
(21. Nxd5 $2 Nbxd5 22. cxd5 Nd7 $44) 21... Qc4 (21... Rxe1+ 22. Rxe1 Qc4 23.
Ne4 $1 Nxe4 24. Bxe4 Qxa2 (24... Re8 25. Qf5 Rxe4 26. Qxe4 Qxa2 (26... Qxe4 27.
Rxe4 $18) 27. Qe8+ Bf8 28. d6 Nc6 29. d7 $1 $18 Qxb2 30. Qxf8+ Kxf8 31. Re8#)
25. Qf5 Qxb2 26. Qxh7+ Kf8 27. Qh8+ Ke7 28. Bf3+ Be5 29. d6+ Kd7 30. Qxa8 $18)
22. Ne4 Nxe4 23. Bxe4 Qxa2 {[%tqu "En","?","","","b2g7","",10,"d1d2","",0]} 24.
Bxg7 $1 (24. Rd2 Qc4 (24... Be5 25. Bxh7+ Kxh7 26. Qxf7 Rad8 27. Rxe5 Rxe5 28.
Bxe5 Qb1+ 29. Kh2 Qg6 30. Qxg6+ Kxg6 $13) 25. Qf5 Rxe4 26. Qxe4 Qxe4 27. Rxe4
$44) 24... Kxg7 (24... Rxe4 {Petursson} 25. Rxe4 Kxg7 26. Rg4+ Kf8 27. Qf6 $18)
25. Qg4+ Kf8 (25... Kh8 26. Qf5 Rxe4 27. Qf6+ Kg8 28. Rxe4 $18 (28. Rxe4 {
Petursson} h5 29. Qg5+ Kf8 30. Qxh5 $18)) 26. Bxh7 Re5 27. f4 (27. Qg8+ Ke7 28.
Qxa8 (28. Qg5+ $18 {Petursson}) 28... Qxf2 29. Rxe5+ Bxe5 30. d6+ Bxd6 31. Qe4+
$18) 27... Nd3 $8 28. Qg8+ Ke7 29. Qg5+ Kd7 $8 30. fxe5 Nf2+ 31. Kh2 Bc5 (31...
Bxe5+ 32. Rxe5 $18) 32. Qf5+ Ke7 33. Qf6+ Ke8 34. Qc6+ 1-0

[Event "USA-ch Gr-B"]
[Site "Salt Lake City"]
[Date "1999.08.24"]
[Round "2"]
[White "Seirawan, Yasser"]
[Black "Kaidanov, Gregory S"]
[Result "1/2-1/2"]
[WhiteElo "2653"]
[BlackElo "2611"]
[Annotator "Tsesarsky,I"]
[PlyCount "50"]
[EventDate "1999.08.05"]
[EventType "tourn"]
[EventRounds "7"]
[EventCountry "USA"]
[EventCategory "13"]
[SourceTitle "CBM 073"]
[Source "ChessBase"]
[SourceDate "1999.12.01"]
[SourceVersion "1"]
[SourceVersionDate "1999.12.01"]
[SourceQuality "1"]

1. d4 d5 2. c4 e6 3. Nf3 Nf6 4. Bg5 dxc4 5. Qa4+ Nbd7 6. e3 c6 (6... c5 7. Bxc4
cxd4 8. exd4 (8. Nxd4 Be7 9. Nc3 O-O 10. Be2 h6 11. Bh4 Nb6 12. Qc2 Bd7 13. O-O
Nfd5 14. Bxe7 Nxe7 15. Rfd1 Qc7 $11 {1/2-1/2 Andersson,U-Tukmakov,V/Dortmund-A
1987 (30)}) 8... Be7 9. Nc3 O-O 10. Qc2 h6 11. Bh4 b6 12. O-O Bb7 13. Qd3 Nh5
14. Bg3 Nxg3 15. hxg3 Bb4 16. Ne2 Nf6 17. Rac1 Bd6 $132 {1/2-1/2 Andersson,
U-Ribli,Z/Tilburg 1984/Inf 38 (31)}) (6... Be7 7. Bxc4 O-O 8. Be2 h6 9. Bh4 c5
10. Nc3 (10. O-O $11) 10... a6 11. O-O b5 12. Qc2 Bb7 13. dxc5 $11 {0-1
Smejkal,J-Tukmakov,V/Moskva (GMA) 1989/Inf 47/ (35)}) (6... a6 7. Bxc4 Be7 8.
O-O O-O 9. Qc2 b5 10. Bd3 Bb7 11. Nbd2 h6 12. Bh4 c5 13. Bxf6 Bxf6 14. Be4 Bxe4
15. Nxe4 cxd4 16. Nxf6+ Qxf6 17. Nxd4 Rfc8 18. Qd2 Nc5 $11 {0-1 Noble,
A-Polajzer,D/St Ingbert ,EXT 1990 (53)}) 7. Bxf6 {Without this bishop White
can't receive advantage.} (7. Qxc4 Qa5+ 8. Nbd2 $1 (8. Nc3 $2 $17 Ne4 9. Bf4 (
9. Qa4 Qxa4 10. Nxa4 Bb4+ 11. Ke2 b5 12. Nc3 Nxc3+ 13. bxc3 Bxc3 14. Rc1 b4 $17
{0-1 Vladimirov,E-Kaidanov,G/Gausdal INT(5) 1991 (38)}) 9... Nb6 10. Bc7 (10.
Qb3 Bb4 11. Rc1 Nd5 $17 {[%csl Rc3]}) 10... Bb4 11. Bxb6 axb6 12. Rc1 Bxc3+ 13.
bxc3 Qxa2 $17) 8... Ne4 9. Bf4 Bb4 10. Qc2 Nxd2 11. Nxd2 e5 12. dxe5 Nxe5 13.
a3 (13. O-O-O Ng6 $15 {[%csl Ra2,Rf4]}) 13... Ng6 14. Bg3 Bf5 15. Qc1 Be7 (
15... Bxd2+ 16. Qxd2 Qxd2+ 17. Kxd2 O-O-O+ 18. Kc3 h5 19. h3 $14 (19. f3 h4 20.
Bf2 h3 21. g4 Be6 22. Be2 $14 {[%csl Ge2,Gf2]})) 16. b4 Qd5 17. f3 (17. Qc4
Qxc4 18. Bxc4 Rd8 19. e4 Bc8 20. Ke2 O-O 21. Rhd1 Bf6 22. Rab1 Rfe8 23. f3 Ne5
$132) 17... Bd6 18. Nc4 Bxg3+ 19. hxg3 Be6 20. Ra2 O-O-O 21. e4 Qd4 22. Rd2 Qf6
23. Rxd8+ Qxd8 24. Qc3 $11) 7... Qxf6 8. Qxc4 e5 9. Nc3 exd4 10. Qxd4 (10. exd4
Nb6 11. Qd3 Bf5 12. Qe3+ Be7 13. Be2 O-O 14. O-O Rfe8 $15) (10. Nxd4 Ne5 11.
Qa4 Bg4 12. h3 Bh5 13. Rc1 (13. Ne4 Qe7 {[%cal Ge7b4]} 14. a3 Bg6 15. Ng3 Qf6
16. Be2 Bd6 $11) 13... Bg6 (13... Be7 $2 14. Nd5 Qd6 15. Nf5 Qxd5 16. Nxg7+ Kf8
17. Nxh5 $16) 14. Be2 Bd6 15. O-O $11) 10... Be7 11. Be2 O-O 12. O-O Nb6 13.
Rfd1 Bf5 14. Qxf6 (14. e4 Bg4 15. e5 (15. h3 Bxf3 16. Bxf3 Qxd4 17. Rxd4 Rad8
18. Rad1 Rxd4 19. Rxd4 Rd8 $11) 15... Qg6 16. Nh4 Bxh4 17. Bxg4 Rad8 18. Qf4
Bg5 19. Qe4 Qxe4 20. Nxe4 Bf4 21. Nd6 Bxe5 22. Nxb7 Rxd1+ 23. Rxd1 Bxb2 24. Bf3
$11) 14... Bxf6 15. Nd4 Bg6 16. Nb3 Rfd8 (16... Bc2 17. Rd2 Bxb3 18. axb3 Rfd8
19. Rxd8+ Bxd8 20. b4 Bf6 21. b5 (21. Ra2 a6 22. Ne4 Nd5 23. Nxf6+ Nxf6 24. b5
cxb5 25. Bxb5 Rc8 26. Bf1 Rc2 $15) 21... Bxc3 22. bxc3 cxb5 23. Bxb5 a5 24. Kf1
Kf8 (24... a4 25. Ra3 Ra5 26. c4 Kf8 27. Ke2 Ke7 28. Kd3 Kd6 29. Kd4 $14) 25.
Ke2 Ke7 26. Kd3 Kd6 27. Kd4 Nd7 $132) 17. Na5 Nd5 18. Nxd5 (18. Nxb7 Rdb8 19.
Nc5 Rxb2 20. Nxd5 cxd5 21. Bf3 Rd8 22. Rac1 Rxa2 23. Bxd5 Rb2 $17 {[%csl Ya7,
Yf6,Yg6]}) 18... Rxd5 19. Rxd5 cxd5 20. Rd1 b6 (20... Bxb2 $2 21. Nxb7 Rb8 22.
Ba6 Rc8 23. Rxd5 Rc1+ 24. Bf1 Kf8 25. Nc5 $14) 21. Nc6 Rc8 22. Nxa7 (22. Nd4
Bxd4 23. Rxd4 Rc2 24. Rxd5 Kf8 25. Kf1 Rxb2 26. Bc4 Ke7 27. Ke1 $11 {[%cal
Gd5d2]}) 22... Ra8 23. Rc1 Bf5 24. Rc7 Bxb2 25. h3 (25. Bf3 Be6 26. Rb7 Be5 27.
a4 h6 28. h3 Bd6 29. Bd1 Rb8 30. Rxb8+ Bxb8 31. Nc6 Bd6 32. Kf1 Kf8 $11) 25...
Kf8 (25... Kf8 26. Bg4 Bxg4 27. hxg4 Be5 28. Rb7 Ke8 29. Kf1 Rb8 30. Rxb8+ Bxb8
31. Nb5 Kd7 32. Ke2 Kc6 33. Nd4+ Kc5 34. Kd3 Be5 35. Nf3 $11) 1/2-1/2

[Event "RUS-Cup02"]
[Site "Moscow"]
[Date "1998.??.??"]
[Round "2"]
[White "Neverov, Valeriy"]
[Black "Beshukov, Sergei"]
[Result "1-0"]
[WhiteElo "2540"]
[BlackElo "2405"]
[Annotator "Tsesarsky,I"]
[PlyCount "77"]
[EventDate "1998.01.21"]
[EventType "swiss"]
[EventRounds "9"]
[EventCountry "RUS"]
[SourceTitle "CBM 063"]
[Source "ChessBase"]
[SourceDate "1998.03.26"]
[SourceVersion "1"]
[SourceVersionDate "1998.03.26"]
[SourceQuality "1"]

1. d4 d5 2. c4 c6 3. Nf3 e6 4. Qc2 Nf6 5. Bg5 h6 6. Bxf6 Qxf6 7. e3 (7. e4 dxe4
8. Qxe4 Bb4+ 9. Nc3 c5 10. Rc1 (10. Bd3 cxd4 11. Nxd4 Bxc3+ 12. bxc3 a6 13. O-O
Nd7 14. Bc2 Nc5 15. Qe3 O-O 16. Nb3 Na4 17. Nd4 Nc5 $11 {1/2-1/2 Giffard,
N-Hagege,G/FRA-chT 1994 (41)}) 10... cxd4 11. Nxd4 O-O 12. Bd3 Rd8 13. Qh7+ Kf8
14. Nde2 Bxc3+ 15. Rxc3 Bd7 16. O-O Bc6 17. Ng3 (17. Rd1 Nd7 18. b4 Qg5 $19)
17... Nd7 18. Be4 Bxe4 19. Nxe4 Qf5 20. Qxf5 exf5 21. Nd6 Nc5 22. Nxf5 Rd2 $44
{1-0 Garcia Gonzales,G-Bany,J/Polanica Zdroj 1987 (39)}) (7. g3 b6 (7... Nd7 8.
Bg2 (8. Nbd2 dxc4 9. Bg2 (9. Qxc4 Be7 10. Bh3 g5 11. Bg2 e5 12. Nxe5 Nxe5 13.
dxe5 Qe6 14. O-O O-O 15. Qxe6 Bxe6 16. Ne4 $14 {1-0 Hjelm,N-Eriksson Joergen/
Salongernas ELO-Turn 1996 (37)}) 9... Bb4 10. Qxc4 Qe7 11. O-O Bd6 12. Ne4 Bc7
13. b4 O-O 14. Rac1 a6 15. a4 $14 {1/2-1/2 Schlosser,P-Godena,M/Horgen SKA
1994 (30)}) 8... dxc4 9. Qxc4 e5 10. dxe5 Nxe5 11. Nxe5 Qe6 (11... Qxe5 12.
Bxc6+ Kd8 13. Nc3 $18) 12. Bxc6+ bxc6 13. Qxc6+ Kd8 14. Nc3 {1-0 Yermolinsky,
A-Kaliksteyn,A/New York op 1993}) 8. Bg2 Bb7 9. O-O Bd6 10. Nbd2 Nd7 11. e4 Qg6
12. Nh4 Qh7 13. Qa4 dxc4 14. e5 b5 15. Qa5 $44 {1-0 Kabatenski,A-Fischer,M/
Baden Baden op 1993 (35)}) (7. Nbd2 Bd6 8. e4 dxe4 9. Nxe4 Bb4+ 10. Ke2 Qe7 11.
c5 O-O 12. Qa4 Na6 13. a3 b5 14. Qc2 Ba5 15. Ne5 Bd7 16. g3 Bc7 17. Bg2 Bxe5
18. dxe5 Nc7 19. Rhe1 Nd5 20. Kf1 a5 21. b3 b4 22. Kg1 $16 {1-0 Ivkov,B-Kchouk,
B/Buenos Aires olm 1978 (36)}) 7... Nd7 8. Nbd2 (8. cxd5 exd5 9. Bd3 Bd6 10.
O-O O-O 11. Nbd2 Qe7 12. Rab1 Nf6 13. h3 Re8 14. Rfc1 Ne4 $11 {0-1 Kraidman,
Y-Agdestein,S/Jerusalem 1986 (48)}) 8... Qd8 (8... Bd6 9. Bd3 Qe7 10. e4 dxe4
11. Bxe4 c5 $11 {1/2-1/2 Goldin,A-Bareev,E/URS-chT Podolsk 1990 (41)}) 9. Bd3
Be7 10. O-O-O $5 (10. O-O O-O 11. e4 dxc4 12. Nxc4 b6 13. Rac1 Bb7 $132) 10...
O-O 11. Kb1 c5 $5 12. h4 $5 (12. cxd5 exd5 13. e4 $5 (13. h4 $5) 13... cxd4 14.
exd5 Nf6 15. Rhe1 Nxd5 16. Nxd4 Nf4 17. Bh7+ Kh8 18. g3 Qxd4 19. Rxe7 Nd5 20.
Ree1 Nb4 21. Qe4 $132) 12... a6 $6 (12... cxd4 13. cxd5 (13. Nxd4 Ne5 14. N2f3
Nxd3 15. Qxd3 dxc4 16. Qxc4 Qb6 $132) 13... dxe3 14. dxe6 exd2 15. exd7 Bxd7
16. Qxd2 Qb6 $132) 13. cxd5 exd5 14. g4 $1 $14 c4 (14... cxd4 15. exd4 Re8 16.
g5 Qb6 17. Rde1 $14) 15. Bf5 Nb6 16. Ka1 (16. g5 Bxf5 17. Qxf5 g6 18. Qc2 h5
19. Ne5 Qe8 20. e4 Qa4 $15) (16. Rdg1 Bxf5 17. gxf5 Rc8 18. Rg4 Bf6 (18... c3
19. bxc3 Qd7 20. Rhg1 Bf6 21. Rxg7+ Bxg7 22. f6 $18) 19. Rhg1 Kh8 20. e4 $14)
16... Bxf5 17. gxf5 Rc8 18. Rdg1 Nd7 (18... c3 19. bxc3 Qc7 20. Rc1 (20. Rg2
Qxc3+ 21. Qxc3 Rxc3 22. Rhg1 Bf6 23. Rxg7+ Bxg7 24. f6 Rfc8 25. Rxg7+ Kf8 26.
Ne5 Rc1+ 27. Nb1 R8c7 28. Rh7 Kg8 29. Rg7+ Kf8 $11) 20... Bb4 (20... Nd7 21.
Qb3 Qc6 22. Ne5 Nxe5 23. dxe5 Bd8 24. Rhg1 $14 (24. f6 gxf6 25. Qb4 Bc7 $15) (
24. Nf3 Ba5 25. Kb2 d4 $1 26. Nxd4 Qg2 $132)) 21. Nb1 Be7 22. Rhg1 Rfe8 23. Rg4
Bf6 24. Rcg1 Nd7 25. Nfd2 b5 26. Qb3 Qc6 27. e4 $14) 19. Rg2 Bf6 (19... Qa5 20.
Rhg1 Bf6 21. e4 (21. Nb1 b5 $1 22. Nh2 (22. e4 dxe4 23. Qxe4 Kh8 $15) 22... b4
23. Qe2 c3 $17) (21. Nh2 c3 22. Nb3 cxb2+ 23. Qxb2 Qd8 $6 (23... Qc3 24. Qxc3
Rxc3 25. Ng4 Bxh4 26. Nxh6+ Kh7 27. Ng8 Bxf2 (27... Kxg8 28. Rxg7+ Kh8 29. R7g4
$18) (27... Rxg8 28. Rh2 Rc6 29. Rxh4+ Rh6 $11) 28. Rxg7+ Kh8 29. R1g2 Rxe3 30.
f6 Rh3 31. Rxf2 Nxf6 32. Nxf6 (32. Rxf7 Rxf7 33. Nxf6 Rh6 $19) 32... Kxg7 33.
Nxd5 $14) 24. Ng4 $16) 21... c3 22. Nb3 cxb2+ 23. Qxb2 Qc3 24. Qxc3 (24. e5
Qxf3 25. exf6 Nxf6 26. Rxg7+ Kh8 27. Nc5 Rg8 28. Qd2 Qh5 $15) 24... Rxc3 25. e5
Rxf3 26. exf6 Nxf6 27. Rxg7+ Kh8 $15) 20. Rhg1 Kh8 $6 (20... Qa5 $14) 21. e4
$16 dxe4 22. Nxe4 Qe7 (22... c3 23. bxc3 $16) (22... b5 23. Qd2 Qe7 24. Nxf6
Qxf6 25. Rxg7 Qxg7 26. Rxg7 Kxg7 27. Qf4 $16) 23. Nxf6 Qxf6 24. Rxg7 Qxg7 25.
Rxg7 Kxg7 26. Qe4 c3 (26... b5 27. Qb7 Nb8 28. Ne5 $16) 27. bxc3 Rxc3 28. Ne5 (
28. Qg4+ Kh7 29. Ng5+ hxg5 30. Qh5+ Kg7 31. Qxg5+ Kh7 32. f6 Nxf6 33. Qxf6 $18)
28... Nf6 $2 (28... Nxe5 29. dxe5 Rfc8 30. f6+ Kh8 31. f4 $16 (31. Qxb7 $4 Rc1+
32. Kb2 R1c2+ 33. Kb1 $11 (33. Kb3 R8c3+ 34. Kb4 Rb2+ $19))) 29. Qg2+ Kh7 30.
Qxb7 $18 (30. Nxf7 Rg8 31. Qxb7 Rg7 32. Kb2 Rh3 33. Qa8 Rxf7 34. Qg2 $18) 30...
Rc1+ 31. Kb2 Rcc8 32. Ng6 Rg8 33. Qxf7+ Rg7 34. Qxf6 Rb7+ 35. Ka1 Rbc7 36. d5
h5 37. Ne7 Rc3 38. Kb2 Rc2+ 39. Kb3 1-0

[Event "FIDE-Wch k.o."]
[Site "Moscow"]
[Date "2001.11.27"]
[Round "1.1"]
[White "Lautier, Joel"]
[Black "Barua, Dibyendu"]
[Result "1-0"]
[WhiteElo "2653"]
[BlackElo "2521"]
[Annotator "Tsesarsky,I"]
[PlyCount "65"]
[EventDate "2001.11.27"]
[EventType "k.o."]
[EventRounds "7"]
[EventCountry "RUS"]
[SourceTitle "CBM 086"]
[Source "ChessBase"]
[SourceDate "2002.02.05"]
[SourceVersion "1"]
[SourceVersionDate "2002.02.05"]
[SourceQuality "1"]

1. d4 d5 2. c4 e6 3. Nf3 c6 4. Qc2 Nf6 5. Bg5 Nbd7 6. e3 Qa5+ 7. Nbd2 {This
move is more flexible than} (7. Nc3 {-mainline.}) 7... Ne4 8. Bf4 ({Equal
position after} 8. cxd5 $6 Nxg5 9. Nxg5 Nf6 $1 (9... Qxd5 $6 10. Ngf3 Be7 11.
Bd3 h6 12. O-O O-O 13. e4 Qa5 14. Rac1 $14 {0-1 Hultin,J-Barkhagen,J/Sweden
1999/EXT 2000 (44)}) (9... exd5 10. Nxh7 Be7 11. f4 $14 {1-0 Umanskaya,
I-Polyakova,N/Elista 1997/EXT 98 (58)}) 10. Bd3 Nxd5 $132) (8. Bh4 $5 Bb4 9.
Bd3 Nxd2 10. Nxd2 e5 11. cxd5 cxd5 12. a3 (12. Rc1 $5 {[%csl Rc8][%cal Gc1c8]}
Bxd2+ 13. Qxd2 Qxa2 14. Qc3 O-O 15. dxe5 Re8 16. O-O Qa4 (16... Nxe5 17. Ra1
$18) 17. Qd4 $16) 12... e4 13. Be2 O-O 14. Rc1 Bd6 15. O-O Nb6 16. Nb3 Qa4 17.
Nc5 $14 {1-0 Vera,R-Perez,L/Santa Clara 2000/EXT 2001 (39)}) 8... Be7 (8...
Ndf6 9. Bd3 Bb4 10. cxd5 exd5 11. Ke2 O-O 12. Nb3 (12. Nxe4 dxe4 13. Bxe4 Nxe4
14. Qxe4 Bf5 15. Qe5 Qa6+ 16. Kd1 Qd3+ $19) 12... Qb6 13. a3 Be7 14. h3 Bf5 15.
g4 Be6 16. Ne5 $14) (8... Bb4 {-mainline} 9. Bd3 Nxd2 10. Nxd2 e5 11. dxe5 dxc4
12. Bxc4 Nxe5 13. O-O Bxd2 14. Bxe5 Qxe5 15. Qxd2 $11 {-see commented game 1/
2-1/2 Pelletier,Y-Grischuk,A/Batumi 1999/CBM 74[Pelletier,Y,Tsesarsky,I] (58)})
9. cxd5 $5 (9. h4 $5 Nxd2 10. Nxd2 dxc4 11. Bxc4 e5 $132 {-see commented game
1-0 Speelman,J-Maksimenko,A/Copenhagen 1996/CBM 54[Chekhov,V] (35)}) 9... exd5
10. Bd3 Ndf6 (10... g5 $6 11. Bg3 g4 12. Bxe4 dxe4 13. Ne5 $14 {[%csl Re4,Re8,
Gf4,Rg4]}) 11. O-O Bf5 12. Nb3 Qd8 (12... Qb6 $5 13. Ne5 g6 $1 $132) 13. Ne5
Bg6 $6 $14 ({In my opinion, better is} 13... g6 $1 {avoiding N to B exchange.}
14. f3 Nd6 15. Nc5 (15. Bxf5 Nxf5 16. g4 Ng7 (16... Nd6 17. Nc5 O-O 18. Rad1
$14 {()}) 17. Nc5 Bxc5 18. Qxc5 Ne6 19. Qb4 Qe7 (19... Nxf4 $2 20. Qxb7 (20.
exf4 Qc7 (20... Qe7 21. Nxc6 $1 bxc6 22. Rfe1 Ne4 23. Qxe7+ Kxe7 24. fxe4 $16)
21. Rfe1 $16 {[%csl Re8][%cal Ge1e8,Gb4f8]}) 20... Ne2+ 21. Kf2 $16 {[%csl Re2,
Rf7]}) 20. Qxe7+ Kxe7 $11) 15... Bxd3 {Without light-squares BB position is
equal.} 16. Nexd3 $132) 14. f3 Nd6 15. Nxg6 hxg6 16. e4 {[%csl Gd3,Gd4,Ge4,Gf4]
} Nh5 ({Badly is} 16... g5 $2 {in veiw of} 17. Bxg5 dxe4 18. fxe4 Nfxe4 19.
Bxe7 Qxe7 20. Bxe4 Nxe4 21. Rae1 Rh4 22. Nc5 $18) 17. Bd2 g5 18. e5 (18. Nc5 $5
$14) 18... Nb5 19. g3 ({White also can play} 19. Bxb5 cxb5 20. Rac1 $16 {
[%cal Gg2g3,Gf3f4] With PP advantage on the kingside.}) 19... Qb6 {[%csl Rd4]
[%cal Gb6d4,Gb5d4]} 20. Be3 Nc7 {[%cal Gc7e6]} 21. Nc5 a5 22. Rac1 Ne6 $4 $18 {
after this mistake black defence is crushed.} ({Much better was to join Rh8 to
key squares protection:} 22... Rh6 $1 $16 {[%cal Gh6e6]}) 23. Nxe6 fxe6 24. f4
({Immediately wins} 24. Bh7 $1 Kd7 25. Qg6 {[%csl Rh5]} Qxb2 26. Qxh5 {[%cal
Gh5g6,Gg6c2]} Qxa2 27. Qg6 $18) 24... gxf4 25. Bg6+ Kd7 26. gxf4 {[%cal Gf4f5]
f4-f5 break is decisive.} Raf8 27. f5 exf5 (27... Kd8 28. fxe6 Rxf1+ 29. Rxf1 {
[%csl Rh5][%cal Gf1f5]} c5 30. dxc5 Qxe6 31. Qf5 $18 {[%csl Rh5]}) 28. Rxf5 {
[%csl Rh5]} Nf4 {Despair...} (28... Rxf5 29. Qxf5+ Kd8 30. b3 $1 $18 (30. Bxh5
Qxb2 31. a4 $18)) 29. Bxf4 Qxd4+ 30. Kh1 Rxf5 31. Bxf5+ Kd8 32. Qd2 Qb6 33.
Qxd5+ $1 1-0